logo

Bir Sreshtho Munshi Abdur Rouf Library
Jhenaidah Cadet College

কাব্যগ্রন্থ অনার্তবা / (Record no. 12861)

MARC details
000 -LEADER
fixed length control field 00739nam a2200217 a 4500
001 - CONTROL NUMBER
JCCL Control Number 12861
003 - CONTROL NUMBER IDENTIFIER
JCCL marc code BD-JhCC
005 - DATE AND TIME OF LATEST TRANSACTION
control field 20230521114109.0
008 - FIXED-LENGTH DATA ELEMENTS--GENERAL INFORMATION
fixed length control field 230521s2018 b |||| |||| 000 0 b d
020 ## - INTERNATIONAL STANDARD BOOK NUMBER
International Standard Book Number 9847001401396
035 ## - SYSTEM CONTROL NUMBER
system control number (BD-JhCC)12861
040 ## - CATALOGING SOURCE
Original cataloging agency BD-JhCC
Modifying agency BD-JhCC
041 ## - LANGUAGE CODE
Language code of Book ben
082 ## - DEWEY DECIMAL CLASSIFICATION NUMBER
Classification number 891.4415
Author mark and Year KAZ 2018
100 ## - MAIN ENTRY--PERSONAL NAME
Personal name কাজল, এস এম সুলায়মান
245 ## - TITLE STATEMENT
Title কাব্যগ্রন্থ অনার্তবা /
Statement of responsibility, etc এস এম সুলায়মান কাজল
260 ## - PUBLICATION, DISTRIBUTION, ETC. (IMPRINT)
Place of publication, distribution, etc ঢাকা :
Name of publisher, distributor, etc তৃপ্তি প্রকাশ কুঠি,
Date of publication, distribution, etc ২০১৮
300 ## - PHYSICAL DESCRIPTION
Pagination ১৩০ পৃ. :
Dimensions ২০ সেমি.
650 ## - SUBJECT ADDED ENTRY--TOPICAL TERM
Topical term or geographic name as entry element Bengali Poem
942 ## - ADDED ENTRY ELEMENTS (KOHA)
Source of classification or shelving scheme Dewey Decimal Classification
Koha item type Books
Holdings
Source of classification or shelving scheme Damaged status Not for loan Home library Current library Shelving location Date of accession Cost, normal purchase price Full call number Barcode Date last seen Copy number Method of acquisition Koha item type Currency Total Checkouts Date checked out
Dewey Decimal Classification     JCC Rouf Library JCC Rouf Library General Stacks 05/21/2023 200.00 891.4415 KAZ 2018 17800 05/21/2023 C-1 Gift/Donation Books      
Dewey Decimal Classification     JCC Rouf Library JCC Rouf Library General Stacks 05/21/2023 200.00 891.4415 KAZ 2018 17799 02/29/2024 C-1 Gift/Donation Books BDT 2 02/22/2024
Dewey Decimal Classification     JCC Rouf Library JCC Rouf Library General Stacks 05/21/2023 200.00 891.4415 KAZ 2018 17798 05/21/2023 C-3 Gift/Donation Books BDT    
Dewey Decimal Classification     JCC Rouf Library JCC Rouf Library General Stacks 05/21/2023 200.00 891.4415 KAZ 2018 17797 05/21/2023 C-4 Gift/Donation Books BDT    

JCC Library | Contacts | JCC Home

Last Update on 23 September 2017
Copyright @ 2017-2020 JCC Rouf Library
Rouf Library, Jhenidah Cadet College (JCC), Bangladesh